[Event "Toulouse1"]
[Site "http://www.queenalice.com/game.php?id=58264"]
[Date "2006.3.20"]
[Round "-"]
[White "Slipknot_200_MHz"]
[Black "gilou"]
[Result "1-0"]
[WhiteElo "1553"]
[BlackElo "1432"]

1. e4 e5 2. Bc4 Nf6 3. d3 Bb4+ 4. Bd2 Bc5 5. Nf3 Ng4 6. Be3 Bxe3 7. fxe3 Nxe3 8.
Qd2 Qe7 9. Qxe3 O-O 10. Nc3 Nc6 11. Nd5 Qe6 12. Nxc7 Qd6 13. Nxa8 Qb8 14. O-O
Qxa8 15. Ng5 d5 16. Bxd5 a6 17. Nxf7 Qa7 18. Nh6+ Kh8 19. Rxf8# 1-0

[Event "Let's Play Chess!"]
[Site "http://www.queenalice.com/game.php?id=58323"]
[Date "2006.3.20"]
[Round "-"]
[White "jsiebel"]
[Black "Slipknot_200_MHz"]
[Result "0-1"]
[WhiteElo "1499"]
[BlackElo "1571"]

1. e4 e5 2. Nf3 Nc6 3. g3 Nf6 4. Nc3 Bb4 5. Bc4 Bxc3 6. dxc3 d5 7. exd5 Na5 8.
Nxe5 Qe7 9. Qe2 Bh3 10. d6 cxd6 11. Nxf7 Qxe2+ 12. Kxe2 Rf8 13. Nxd6+ Kd7 14.
Rd1 Bg4+ 15. Ke3 Bxd1 16. Kd4 Kxd6 17. Bf4+ Kc6 18. b4 Rad8+ 19. Ke3 Nxc4# 0-1

[Event "Apache"]
[Site "http://www.queenalice.com/game.php?id=58677"]
[Date "2006.3.22"]
[Round "-"]
[White "mbubi"]
[Black "Slipknot_200_MHz"]
[Result "1-0"]
[WhiteElo "1785"]
[BlackElo "1622"]

1. e4 e5 2. a3 Nf6 3. Nc3 Bc5 4. h3 Nc6 5. Bb5 Nxe4 6. Nxe4 Bb6 7. d3 d5 8. Nc3
d4 9. Ne4 Qd5 10. Bc4 Qd8 11. Ng5 Be6 12. Nxe6 fxe6 13. Bxe6 Qf6 14. Bd5 O-O-O
15. Be4 Rhf8 16. Nf3 h6 17. Qe2 g5 18. Bd2 Kb8 19. Bxc6 bxc6 20. O-O-O c5 21.
Nxe5 Rde8 22. Nd7+ Kb7 23. Nxf6 Rxe2 24. Ne4 c4 25. Rde1 cxd3 26. cxd3 Rxe1+ 27.
Rxe1 a5 28. f3 Ka6 29. Kb1 a4 30. Rc1 Kb5 31. Bb4 Rd8 32. Bc5 Bxc5 33. Rxc5+ Kb6
34. Rc4 1-0

[Event "Challenge"]
[Site "http://www.queenalice.com/game.php?id=62346"]
[Date "2006.4.10"]
[Round "-"]
[White "Slipknot_200_MHz"]
[Black "raquca"]
[Result "0-1"]
[WhiteElo "1573"]
[BlackElo "1759"]

1. e4 c5 2. d4 cxd4 3. Nf3 e6 4. Bc4 Nc6 5. Bf4 d6 6. Nxd4 Nxd4 7. Qxd4 Qa5+ 8.
Nc3 Nf6 9. Bg3 e5 10. Qd3 Be7 11. Bh4 O-O 12. O-O Be6 13. Bxf6 gxf6 14. Bxe6
fxe6 15. Rfe1 Rf7 16. Re3 Kh8 17. Nb5 Rd8 18. c4 a6 19. Nc3 Rg7 20. Rg3 Rdg8 21.
Re1 Qc5 22. Na4 Qb4 23. Nc3 Qxb2 24. h3 Rxg3 25. fxg3 Qb6+ 26. Kh2 Qd4 27. Qxd4
exd4 0-1

[Event "Challenge"]
[Site "http://www.queenalice.com/game.php?id=65538"]
[Date "2006.4.25"]
[Round "-"]
[White "Slipknot_200_MHz"]
[Black "trunksjackson"]
[Result "0-1"]
[WhiteElo "1564"]
[BlackElo "1665"]

1. e4 c5 2. Bc4 d6 3. Qf3 Nf6 4. Nc3 a6 5. d3 Bg4 6. Qg3 e6 7. Bg5 Bh5 8. Qh3
Nbd7 9. Nf3 Be7 10. d4 Bxf3 11. Qxf3 cxd4 12. e5 dxc3 13. exf6 Nxf6 14. Bxf6
Bxf6 15. bxc3 b5 16. Bd3 Bxc3+ 17. Ke2 Bxa1 18. Rxa1 O-O 0-1

[Event "Challenge"]
[Site "http://www.queenalice.com/game.php?id=65540"]
[Date "2006.4.25"]
[Round "-"]
[White "trunksjackson"]
[Black "Slipknot_200_MHz"]
[Result "1-0"]
[WhiteElo "1649"]
[BlackElo "1564"]

1. e4 e5 2. Qh5 Qf6 3. Nf3 d6 4. d4 exd4 5. Bc4 Be6 6. Bg5 Qg6 7. Qxg6 hxg6 8.
Bxe6 fxe6 9. Nxd4 Rh5 10. Nxe6 Nd7 11. g4 Kf7 12. gxh5 Kxe6 13. hxg6 Nc5 14. Nc3
Nf6 15. O-O-O a6 16. h4 b5 17. h5 Ke5 18. f4+ 1-0

[Event "AUTO-MASTER-136"]
[Site "http://www.queenalice.com/game.php?id=65554"]
[Date "2006.4.25"]
[Round "1"]
[White "Slipknot_200_MHz"]
[Black "borgesouza"]
[Result "0-1"]
[WhiteElo "1586"]
[BlackElo "1974"]

1. e4 e5 2. Nf3 Nc6 3. Bb5 a6 4. Bxc6 dxc6 5. Nc3 Qf6 6. h3 Bc5 7. d3 Qg6 8.
Nxe5 Qxg2 9. Qf3 Bxf2+ 10. Ke2 Qxf3+ 11. Nxf3 Bb6 12. Be3 Bxe3 13. Kxe3 Ne7 14.
d4 f6 15. d5 cxd5 16. exd5 b5 17. Rhg1 Bxh3 18. Rxg7 Nf5+ 19. Kf4 Nxg7 0-1

[Event "AUTO-MASTER-136"]
[Site "http://www.queenalice.com/game.php?id=65555"]
[Date "2006.4.25"]
[Round "1"]
[White "borgesouza"]
[Black "Slipknot_200_MHz"]
[Result "1-0"]
[WhiteElo "1976"]
[BlackElo "1584"]

1. e4 e5 2. Nf3 Nc6 3. Bc4 Bc5 4. Nc3 d6 5. Na4 Bg4 6. Nxc5 dxc5 7. h3 Bh5 8. d3
h6 9. Bb5 Qf6 10. Bxc6+ Qxc6 11. g4 Bg6 12. Nxe5 Qd6 13. Bf4 f6 14. Nxg6 Qxf4
15. Nxf4 g5 16. Ne6 Rc8 17. Qf3 Rh7 18. Qf5 Re7 19. Ng7+ Kd8 20. Qd5+ 1-0

[Event "AUTO-MASTER-136"]
[Site "http://www.queenalice.com/game.php?id=65556"]
[Date "2006.4.25"]
[Round "1"]
[White "Slipknot_200_MHz"]
[Black "mfrezman"]
[Result "0-1"]
[WhiteElo "1636"]
[BlackElo "1678"]

1. e4 g6 2. Bc4 Nc6 3. d4 Bg7 4. d5 Ne5 5. Bb3 d6 6. f4 Bg4 7. Ne2 Nf3+ 8. gxf3
Bxf3 9. Rg1 Bxe4 10. Nbc3 Bf3 11. Rg3 Bh5 12. f5 Nf6 13. Ba4+ Nd7 14. Qd3 O-O
15. Nf4 Ne5 16. Qf1 a6 17. Qh3 Qd7 18. Bxd7 Nxd7 0-1

[Event "AUTO-MASTER-136"]
[Site "http://www.queenalice.com/game.php?id=65557"]
[Date "2006.4.25"]
[Round "1"]
[White "mfrezman"]
[Black "Slipknot_200_MHz"]
[Result "1-0"]
[WhiteElo "1692"]
[BlackElo "1622"]

1. Nf3 d5 2. b3 e6 3. Bb2 Nf6 4. d3 Bc5 5. Nbd2 Nc6 6. e3 O-O 7. d4 Bd6 8. a3
Ne4 9. Nxe4 dxe4 10. Nd2 e5 11. d5 Ne7 12. Nxe4 Bf5 13. Nxd6 Qxd6 14. Bc4 Qg6
15. O-O Rad8 16. Bxe5 Bxc2 17. Qd4 b6 18. Bxc7 Rc8 19. Bd6 1-0

[Event "AUTO-MASTER-136"]
[Site "http://www.queenalice.com/game.php?id=65558"]
[Date "2006.4.25"]
[Round "1"]
[White "Slipknot_200_MHz"]
[Black "rubenov"]
[Result "0-1"]
[WhiteElo "1629"]
[BlackElo "1847"]

1. e4 c5 2. Bc4 d6 3. Nf3 e5 4. d3 h6 5. Nc3 Nf6 6. Nd5 Bg4 7. h3 Bh5 8. Nxf6+
Qxf6 9. g4 Bg6 10. g5 Qd8 11. gxh6 gxh6 12. Bd5 Nc6 13. Bxc6+ bxc6 14. b3 Bh5
15. Bb2 Qf6 16. Qd2 Qxf3 17. Rg1 Qxh3 18. Qa5 Qf3 19. Kf1 Qe2+ 20. Kg2 Rg8+ 21.
Kh3 Qf3+ 22. Rg3 Rxg3+ 23. Kh4 Be7# 0-1

[Event "AUTO-MASTER-136"]
[Site "http://www.queenalice.com/game.php?id=65559"]
[Date "2006.4.25"]
[Round "1"]
[White "rubenov"]
[Black "Slipknot_200_MHz"]
[Result "1-0"]
[WhiteElo "1853"]
[BlackElo "1582"]

1. d4 d5 2. Bg5 Nc6 3. e3 f6 4. Bh4 e5 5. dxe5 Nxe5 6. c3 Bc5 7. Nd2 Ne7 8. Nb3
Bb6 9. Be2 Nf5 10. Bg3 Nxg3 11. hxg3 Bf5 12. Nd4 c5 13. Nxf5 Qd7 14. Nh4 Ba5 15.
Ngf3 Nxf3+ 16. Nxf3 O-O-O 17. a3 c4 18. Qc2 g5 19. Nd4 Kb8 20. b3 cxb3 21. Qxb3
Rc8 22. Rc1 Rc5 23. O-O 1-0